000 00827nam a22001937a 4500
999 _c176286
_d176286
005 20201209162121.0
010 _aUR-10960
020 _c400.00
_a9789389733808
035 _aU-9515
037 _bDBAD/PUB
082 _a808.88
100 _aمر تبہ:محمد محا مد ہلا ل ا عظمی
245 _aگا ند ھی جی :ا ر د و ا د با ء ا و ر شعر اء کی نظر میں
_cمر تبہ:محمد محا مد ہلا ل ا عظمی
246 _bGandhi Ji : Urdu Adaba Aur Shora Ki Nazar Mein (Urdu)
_aEdited by Mohd. Muhamid Hilal Azmi
260 _aN.Delhi
_bEducational Publishing House
_c2020 ء
270 _aH.O.D1/16,Ansari Road,Darya ganj,
_bN.Delhi
_e110002
_k45678285,23216162
_l0091-11-23211540
300 _a280 ص
_c22 Cm(Hb)
942 _2ddc
_cUR
_h808.88
_mگ ا ن